000 00877nas a2200265 4500
001 BR8401560
003 BR-BrBNA
005 20231205085841.0
007 ta
008 230509b bl.|||p| |||| 00| 00por d
040 _aBR-BrBNA
_bpor
_cBiblioteca Nacional de Agricultura
041 _a(Pt)
072 _aF00
100 1 _aSilva, P.R.F. da
100 1 _aFleck, N.G.
100 1 _aHeckler, J.C.
245 1 _aDesfolhamento artificial durante a formacao do botao floral do girassol [Helianthus annuus]
246 1 _aArtificial defoliation during the budding stage of sunflower [Helianthus annuus]
650 _aGIRASSOL
650 _aDESFOLHA ARTIFICIAL
650 _aFLORACAO
773 0 _tPesquisa Agropecuaria Brasileira (Brazil)
_xISSN 0100-204X
_g(Feb 1984), v. 19(2) p. 149-156
_wBR8401560
909 _a202311
_bLúcia
_c55
_dLúcia Elande
942 _2AGRIS
_n0
_cANA
999 _c114273
_d114273